Statistics for Nicki Minaj "Pink Friday: Roman Reloaded" Quiz

Click here to take the quiz!

General Stats

  • This quiz has been taken 485 times
  • The average score is 12 of 22

Answer Stats

Pink Friday: Roman Reloaded% Correct
Starships
86%
Pound The Alarm
70%
Roman Holiday
68%
Beez In The Trap ft. 2 Chainz
64%
Roman Reloaded ft. Lil Wayne
63%
Whip It
62%
Stupid Hoe
60%
Va Va Voom
59%
Come On A Cone
56%
I Am Your Leader ft. Rick Ross & Cam'ron
55%
HOV Lane
54%
Automatic
53%
Marilyn Monroe
53%
Right By My Side ft. Chris Brown
53%
Sex In The Lounge ft. Bobby V & Lil Wayne
51%
Champion ft. Drake, Young Jeezy & NAS
45%
Fire Burns
45%
Beautiful Sinner
43%
Gun Shot ft. Beenie Man
43%
Masquerade
42%
Young Forever
41%
Turn Me On ft. David Guetta
30%

Score Distribution

Percentile by Number Answered

Percent of People with Each Score

Your Score History

You have not taken this quiz